000
00232nam a22000857a 4500
008
161108b xxu||||| |||| 00| 0 eng d
100
_9
1080
_a
Lal R. B
245
_a
The Spirit of Science in Quest of Truth
260
_a
NeW Delhi
_b
N B T
_c
2005
999
_c
3737
_d
3737